000 00627nam a2200241Ia 4500
005 20260430150243.0
008 008 250103s9999 xx 000 0 eng d
037 _aTheses
040 _aCRL
040 _beng
040 _ceng
041 _2eng
041 _aeng
084 _qCRL
100 _aSagar Anshika Au.; Somanathan Rohini Gu.
_91236943
245 0 _aRole of opportunity in enhancing educational quality
260 _c2021
300 _a127p.
650 _aEconomics
700 _aUniversity of Delhi. Faculty of Social Sciences. Department of Economics
942 _cTH
999 _c1849336
_d1849336